Constituȧo, jurisdiȧo e processo

Detalles Bibliográficos
Autor principal: Alberto Molinaro, Carlos
Otros Autores: Guerreiro Milhoranza, Marińgela
Formato: eBook
Lenguaje:portugués
Publicado: [Brasil] : Novatez, 2007.
Materias:
Acceso en línea:Acceso restringido

MARC

LEADER 00000nam a22000007a 4500
005 2011090109379.0
008 110901t2007 br ||||s|||| 00| 0 por d
020 |a 9788599315101 
035 |a 5582 
040 |a vLex 
090 |c 2340  |d 2340 
100 1 |a Alberto Molinaro, Carlos 
245 1 0 |a Constituȧo, jurisdiȧo e processo  |c Carlos Alberto Molinaro; Marińgela Guerreiro Milhoranza   |h [Recurso electrn̤ico] / 
256 |a Servicio en ln̕ea. 
260 |a [Brasil] :  |b Novatez,  |c 2007. 
506 1 |a Contenido solo disponible en los productos indicados  |d vLex Global  |d vLex Global (Academic Edition, excluding Law Schools)  |d vLex Global (U.S. Academic Edition, Law Schools)  |d vLex Global (U.S. Academic Edition, excluding Law Schools)  |d vLex Global (Academic Edition, Law Schools) 
650 0 4 |a Derecho constitucional  |z Colombia 
700 1 |a Guerreiro Milhoranza, Marińgela 
740 0 |a vLex Libros (Servicio en ln̕ea) 
856 4 0 |u http://vlex.com/source/constituicao-jurisdicao-processo-5582  |z Acceso restringido 
942 |c BOOK